Pokémon - Les attaques de Malamandre - Statistiques

Statistiques générales
  • Ce quiz a été pris 15 fois
  • Le résultat moyen est 10 sur 21
Statistiques - réponses
Niveaux Types Noms des attaques % Correct
Départ Feu Flammèche
100%
Niveau 58 Feu Lance-Flammes
90%
Niveau 44 Dragon Draco-Choc
70%
Départ Poison Gaz Toxik
70%
Départ Normal Griffe
70%
Niveau 65 Poison Toxik
70%
Niveau 37 Poison Choc Venin
60%
Niveau 25 Ténèbres Machination
60%
Niveau 51 Poison Piège de Venin
50%
Départ Poison Purédpois
50%
Niveau 30 Feu Calcination
40%
Niveau 15 Poison Crochet Venin
40%
Départ Normal Écras'Face
40%
Départ Évolution Feu Fouet de Feu
40%
Départ Ténèbres Sabotage
40%
Départ Ténèbres Tourmente
40%
Départ Normal Vantardise
20%
Niveau 20 Normal Doux Parfum
10%
Départ Normal Effort
10%
Départ Normal Encore
10%
Départ Normal Entrave
10%
Aucun quiz correspondant
Distribution des résultats
% des personnes avec chaque résultat
Percentile par nombre de réponses
Votre historique - résultats
Vous n’avez pas pris ce quiz